| 000 | 00856nam a2200217 i 4500 | ||
|---|---|---|---|
| 001 | 35074 | ||
| 003 | ES-MaACL | ||
| 005 | 20250811063133.0 | ||
| 007 | t| | ||
| 008 | 030212s1959 sp ||||1| spa d | ||
| 100 | 1 |
_aBorbón y Austria-Este, Carlos de, _cDuque de Madrid, _d1848-1909 _9153058 |
|
| 245 | 1 | 1 |
_aCartas inéditas de Carlos VII / _cCarlos de Borbón y de Austria-Este ; prólogo, notas y apéndices de Jaime de Carlos Gómez-Rodulfo ; preámbulo de Luis Cortés Echanove. |
| 260 |
_aMadrid : _bMontejurra, _c1959 ( _ePalencia : _fMazo) |
||
| 300 |
_a258 p. ; _c19 cm. |
||
| 490 | 1 |
_aEdiciones Montejurra ; _v7 |
|
| 700 | 1 |
_aCarlos Gómez-Rodulfo, Jaime de _935295 |
|
| 700 | 1 |
_aCortés Echanove, Luis. _940885 |
|
| 830 | 0 |
_aEdiciones Montejurra ; _v7 _9229525 |
|
| 852 |
_aES-MaACL _jC-19551 _bR.46896 |
||
| 999 |
_c35074 _d35074 |
||